[Event "Universiad (Women) 27th"]
[Site "Kazan"]
[Date "2013.07.15"]
[Round "9"]
[White "Motycakova, Monika"]
[Black "Palero, Mary Israel"]
[Result "1/2-1/2"]
[WhiteElo "2135"]
[BlackElo "1852"]
[PlyCount "84"]
[EventDate "2013.07.09"]
[EventType "swiss"]
[EventRounds "9"]
[EventCountry "RUS"]
[SourceTitle "EXT 2014"]
[Source "ChessBase"]
[SourceDate "2013.11.20"]
[SourceVersion "1"]
[SourceVersionDate "2013.11.20"]
[SourceQuality "1"]

1. e4 d5 2. exd5 Qxd5 3. Nc3 Qd6 4. d4 c6 5. Nf3 Nf6 6. Bc4 Bg4 7. Be3 e6 8. h3 Bh5 9. g4 Bg6 10. Ne5 Qc7 11. a3 Bd6 12. Nxg6 hxg6 13. Qf3 Nbd7 14. 0-0-0 Nb6 15. Bd3 0-0-0 16. Ne2 Rhe8 17. g5 Nh5 18. c4 Bf8 19. h4 Rd7 20. Kb1 c5 21. Nc3 a6 22. dxc5 Bxc5 23. Bxc5 Qxc5 24. Ne4 Qe5 25. b3 Qf4 26. Qe3 Qxe3 27. fxe3 Red8 28. Kc2 Kc7 29. Be2 Rxd1 30. Rxd1 Rxd1 31. Bxd1 Nd7 32. Kc3 f5 33. gxf6 Nhxf6 34. Ng5 Kd6 35. b4 b6 36. Bc2 Ne5 37. Ne4+ Nxe4+ 38. Bxe4 Ng4 39. Kd2 Ne5 40. Kc3 Ng4 41. Kd2 Ne5 42. Kc3 Ng4 1/2-1/2

[Event "Universiad (Women) 27th"]
[Site "Kazan"]
[Date "2013.07.14"]
[Round "7"]
[White "Otorbaeva, Nuriza"]
[Black "Palero, Mary Israel"]
[Result "0-1"]
[WhiteElo "1737"]
[BlackElo "1852"]
[PlyCount "92"]
[EventDate "2013.07.09"]
[EventType "swiss"]
[EventRounds "9"]
[EventCountry "RUS"]
[SourceTitle "EXT 2014"]
[Source "ChessBase"]
[SourceDate "2013.11.20"]
[SourceVersion "1"]
[SourceVersionDate "2013.11.20"]
[SourceQuality "1"]

1. e4 d5 2. exd5 Qxd5 3. Nc3 Qd6 4. d4 c6 5. Nf3 Nf6 6. Be2 Bg4 7. 0-0 e6 8. h3 Bxf3 9. Bxf3 Nbd7 10. Re1 Be7 11. Be3 0-0 12. Qe2 Rfe8 13. Rad1 Qc7 14. Ne4 Nxe4 15. Bxe4 Nf6 16. Bd3 Rad8 17. c3 h6 18. Qf3 Nd5 19. Bc1 Bd6 20. c4 Nb4 21. Bb1 c5 22. Qh5 cxd4 23. Re4 Qc5 24. Qh4 Be7 25. Qg4 f5 26. Qg6 fxe4 27. Bxe4 Bg5 28. Qh7+ Kf8 29. Bxg5 Qxg5 30. Bg6 Qf6 31. Bxe8 Kxe8 32. Qe4 Nc6 33. a3 Qf5 34. Qe2 a5 35. c5 d3 36. Qe3 e5 37. g4 Qf4 38. Qxf4 exf4 39. Kg2 g5 40. Kf3 Kf7 41. Ke4 Rd4+ 42. Kf3 Ne5+ 43. Kg2 Nc4 44. b4 Nb2 45. Rd2 Nc4 46. Rd1 d2 0-1

[Event "Universiad (Women) 27th"]
[Site "Kazan"]
[Date "2013.07.10"]
[Round "2"]
[White "Palero, Mary Israel"]
[Black "Malakhova, Elizaveta"]
[Result "0-1"]
[WhiteElo "1852"]
[BlackElo "2296"]
[PlyCount "88"]
[EventDate "2013.07.09"]
[EventType "swiss"]
[EventRounds "9"]
[EventCountry "RUS"]
[SourceTitle "EXT 2014"]
[Source "ChessBase"]
[SourceDate "2013.11.20"]
[SourceVersion "1"]
[SourceVersionDate "2013.11.20"]
[SourceQuality "1"]

1. d4 Nf6 2. c4 e6 3. Nc3 Bb4 4. Bd2 b6 5. Nf3 Bb7 6. e3 Bxc3 7. Bxc3 Be4 8. Bd3 0-0 9. 0-0 d6 10. Rc1 Nbd7 11. a3 a5 12. Qe2 Re8 13. Rfd1 Qe7 14. h3 h6 15. Nd2 Bxd3 16. Qxd3 e5 17. Ne4 Rad8 18. Nxf6+ Nxf6 19. dxe5 dxe5 20. Qc2 Qe6 21. b3 Rxd1+ 22. Rxd1 a4 23. Bb2 axb3 24. Qxb3 Nd7 25. Qd3 Nc5 26. Qd5 f6 27. Qxe6+ Rxe6 28. Kf1 Rc6 29. Ba1 Nb3 30. Ke2 Rxc4 31. Kd3 b5 32. f3 c6 33. Rb1 Nc5+ 34. Kd2 Kf7 35. Bc3 Na6 36. Rb3 Ke6 37. Rb1 Ra4 38. Bb2 Nc5 39. g3 e4 40. Bd4 Nd7 41. Rb3 exf3 42. Ke1 Kd5 43. Kf2 Ke4 44. Bb2 Nc5 0-1